<?xml version="1.0" encoding="UTF-8"?>
<record
    xmlns:xsi="http://www.w3.org/2001/XMLSchema-instance"
    xsi:schemaLocation="http://www.loc.gov/MARC21/slim http://www.loc.gov/standards/marcxml/schema/MARC21slim.xsd"
    xmlns="http://www.loc.gov/MARC21/slim">

  <leader>01249    a2200217   4500</leader>
  <controlfield tag="001">50232</controlfield>
  <controlfield tag="005">20260407155802.0</controlfield>
  <controlfield tag="008">260407a1964    arg                 spa d</controlfield>
  <controlfield tag="003">AR-UNSa-BCEJYS</controlfield>
  <datafield tag="040" ind1=" " ind2=" ">
    <subfield code="a">AR-UNSa-BCEJYS</subfield>
    <subfield code="b">spa</subfield>
    <subfield code="c">AR-UNSa-BCEJYS</subfield>
  </datafield>
  <datafield tag="080" ind1=" " ind2=" ">
    <subfield code="a">316</subfield>
    <subfield code="x">Sociolog&#xED;a</subfield>
  </datafield>
  <datafield tag="245" ind1="1" ind2="0">
    <subfield code="a">Econom&#xED;a y sociedad</subfield>
    <subfield code="p">esbozo de sociolog&#xED;a comprensiva</subfield>
  </datafield>
  <datafield tag="250" ind1=" " ind2=" ">
    <subfield code="a">2a. ed.</subfield>
  </datafield>
  <datafield tag="264" ind1=" " ind2="1">
    <subfield code="a">M&#xE9;xico :</subfield>
    <subfield code="b">Fondo de Cultura Econ&#xF3;mica</subfield>
    <subfield code="c">1964</subfield>
  </datafield>
  <datafield tag="300" ind1=" " ind2=" ">
    <subfield code="a">2 v. (660 ; 575 p.)</subfield>
    <subfield code="c">24 cm.</subfield>
  </datafield>
  <datafield tag="505" ind1=" " ind2=" ">
    <subfield code="a">Vol. I: PRIMERA PARTE: TEOR&#xCD;A DE LAS CATEGOR&#xCD;AS SOCIOL&#xD3;GICAS: 1. Conceptos sociol&#xF3;gicos fundamentales - 2. Las categor&#xED;as sociol&#xF3;gicas fundamentales de la vida econ&#xF3;mica - 3. Los tipos de dominaci&#xF3;n - 4. Estamentos y clases  -- SEGUNDA PARTE: LA ECONOM&#xCD;A Y LOS &#xD3;RDENES Y PODERES SOCIALES: 1. La econom&#xED;a y los diversos &#xF3;rdenes - 2. Econom&#xED;a y sociedad en general - 3. Tipos de comunidad y sociedad - 4. Comunidades &#xE9;tnicas - 5.Sociolog&#xED;a de la comunidad religiosa (Sociolog&#xED;a de la religi&#xF3;n) - 6. Mercado - 7. Econom&#xED;a y derecho (Sociolog&#xED;a del derecho)  -- Vol. II: 8. Las comunidades pol&#xED;ticas - 9. Sociolog&#xED;a de la dominaci&#xF3;n. </subfield>
  </datafield>
  <datafield tag="041" ind1=" " ind2=" ">
    <subfield code="a">spa</subfield>
  </datafield>
  <datafield tag="942" ind1=" " ind2=" ">
    <subfield code="c">BK</subfield>
  </datafield>
  <datafield tag="590" ind1=" " ind2=" ">
    <subfield code="a">niveau_biblio:m niveau_hierar:0</subfield>
  </datafield>
  <datafield tag="100" ind1="1" ind2=" ">
    <subfield code="a">Weber, Max</subfield>
  </datafield>
  <datafield tag="999" ind1=" " ind2=" ">
    <subfield code="c">4988</subfield>
    <subfield code="d">4988</subfield>
  </datafield>
  <datafield tag="952" ind1=" " ind2=" ">
    <subfield code="0">0</subfield>
    <subfield code="1">0</subfield>
    <subfield code="4">0</subfield>
    <subfield code="7">0</subfield>
    <subfield code="a">BCEJYS</subfield>
    <subfield code="b">BCEJYS</subfield>
    <subfield code="c">16</subfield>
    <subfield code="d">2026-04-07</subfield>
    <subfield code="l">0</subfield>
    <subfield code="o">316 W373 v.1 2ed.</subfield>
    <subfield code="p">L22078</subfield>
    <subfield code="r">2026-04-07 15:58:02</subfield>
    <subfield code="w">2026-04-07</subfield>
    <subfield code="y">L</subfield>
  </datafield>
  <datafield tag="952" ind1=" " ind2=" ">
    <subfield code="0">0</subfield>
    <subfield code="1">0</subfield>
    <subfield code="4">0</subfield>
    <subfield code="7">0</subfield>
    <subfield code="a">BCEJYS</subfield>
    <subfield code="b">BCEJYS</subfield>
    <subfield code="c">16</subfield>
    <subfield code="d">2026-04-07</subfield>
    <subfield code="l">0</subfield>
    <subfield code="o">316 W373 v.2 2ed.</subfield>
    <subfield code="p">L22079</subfield>
    <subfield code="r">2026-04-07 15:58:02</subfield>
    <subfield code="w">2026-04-07</subfield>
    <subfield code="y">L</subfield>
  </datafield>
</record>
